000 004750000a22001930004500
003 LK-CoMWRAF
005 20230905230321.0
008 230817t1980 ||||| |||| 00| 0 eng d
020 _a0584107676
040 _aLK-CoMWRAF
_dLK-CoMWRAF
_eLK-CoMWRAF
041 _aeng
082 _a821.9
_bSTR
100 _aStrong, Patience
245 _aAll being well
260 _aLondon :
_bFrederick Muller Ltd,
_c1980
300 _a33p
650 _aPoetry in English
942 _cBK
999 _c2035
_d2035